[Event "Polanica Zdroj op-B 42nd"]
[Site "Polanica Zdroj"]
[Date "2006.08.25"]
[Round "6"]
[White "Kuznetsov, Fiodor"]
[Black "Zysko, Jan"]
[Result "0-1"]
[WhiteElo "2033"]
[BlackElo "1896"]
[PlyCount "40"]
[EventDate "2006.08.20"]
[EventType "swiss"]
[EventRounds "7"]
[EventCountry "POL"]
[SourceTitle "CBM 113 Extra"]
[Source "ChessBase"]
[SourceDate "2006.09.14"]
[SourceVersion "1"]
[SourceVersionDate "2006.09.14"]
[SourceQuality "1"]

1. e4 c5 2. c3 Nf6 3. e5 Nd5 4. d4 cxd4 5. cxd4 d6 6. Nf3 Nc6 7. Be2 e6 8. 0-0 Be7 9. Be3 Nxe3 10. fxe3 dxe5 11. Nc3 exd4 12. exd4 0-0 13. Qd3 Nxd4 14. Ne4 Nxe2+ 15. Qxe2 Bd7 16. Rad1 Qb6+ 17. Kh1 Bb5 18. Qc2 Bxf1 19. Nfg5 Bxg5 20. Nxg5 Bxg2+ 0-1

[Event "Polanica Zdroj op-B 42nd"]
[Site "Polanica Zdroj"]
[Date "2006.08.24"]
[Round "5"]
[White "Klepaczka, Tomasz"]
[Black "Kuznetsov, Fiodor"]
[Result "1/2-1/2"]
[WhiteElo "1886"]
[BlackElo "2033"]
[PlyCount "60"]
[EventDate "2006.08.20"]
[EventType "swiss"]
[EventRounds "7"]
[EventCountry "POL"]
[SourceTitle "CBM 113 Extra"]
[Source "ChessBase"]
[SourceDate "2006.09.14"]
[SourceVersion "1"]
[SourceVersionDate "2006.09.14"]
[SourceQuality "1"]

1. e4 d5 2. exd5 Nf6 3. Bb5+ Bd7 4. Bc4 Bg4 5. f3 Bc8 6. Nc3 Nbd7 7. Nge2 Nb6 8. Bb3 Nbxd5 9. 0-0 Bf5 10. Ng3 Be6 11. Nce4 Nf4 12. Ba4+ c6 13. d3 Qd4+ 14. Kh1 N6d5 15. Bb3 0-0-0 16. Ne2 Nxe2 17. Qxe2 Bf5 18. c3 Qe5 19. Qf2 Kb8 20. d4 Qc7 21. g3 f6 22. Nc5 e5 23. Bxd5 Rxd5 24. b4 Bxc5 25. bxc5 Qa5 26. Bb2 exd4 27. cxd4 Re8 28. Rfe1 Rdd8 29. a3 Be6 30. Re3 Bf7 1/2-1/2

[Event "Polanica Zdroj op-B 42nd"]
[Site "Polanica Zdroj"]
[Date "2006.08.20"]
[Round "1"]
[White "Chylinski, Piotr"]
[Black "Kuznetsov, Fiodor"]
[Result "1/2-1/2"]
[WhiteElo "1799"]
[BlackElo "2033"]
[PlyCount "103"]
[EventDate "2006.08.20"]
[EventType "swiss"]
[EventRounds "7"]
[EventCountry "POL"]
[SourceTitle "CBM 113 Extra"]
[Source "ChessBase"]
[SourceDate "2006.09.14"]
[SourceVersion "1"]
[SourceVersionDate "2006.09.14"]
[SourceQuality "1"]

1. e4 d5 2. exd5 Nf6 3. Nc3 Nxd5 4. Nxd5 Qxd5 5. d3 e5 6. Be3 Nc6 7. Nf3 Be7 8. Be2 0-0 9. 0-0 Be6 10. c4 Qd7 11. a3 f5 12. b4 Bf6 13. Rb1 Rad8 14. b5 Ne7 15. Nd2 b6 16. Nb3 f4 17. Bc1 Bf5 18. a4 Bxd3 19. Bxd3 Qxd3 20. Qxd3 Rxd3 21. Ba3 Rfd8 22. Rfe1 Rc3 23. Bxe7 Bxe7 24. Rxe5 Bf6 25. Ree1 Rxc4 26. a5 Rd5 27. axb6 axb6 28. Nc1 Kf7 29. Ne2 g5 30. Kf1 Rcc5 31. Rbc1 Be5 32. Rxc5 Rxc5 33. Rb1 Ke6 34. h3 Rc2 35. Ke1 Rb2 36. Rc1 Rxb5 37. Rxc7 Bxc7 38. Nd4+ Kd5 39. Nxb5 Be5 40. Ke2 Kc5 41. Na3 Kb4 42. Nb1 b5 43. Kd3 Kc5 44. Nd2 Kd5 45. Ne4 h6 46. Nd2 Bd4 47. f3 b4 48. Nb3 Bc3 49. Na5 Be5 50. Nb3 Bc3 51. Na5 Be5 52. Nb3 1/2-1/2

[Event "Wch Seniors 14th"]
[Site "Halle"]
[Date "2004.10.29"]
[Round "6"]
[White "Ofstad, Per"]
[Black "Kuznetsov, Fiodor"]
[Result "1-0"]
[WhiteElo "2208"]
[BlackElo "2087"]
[PlyCount "69"]
[EventDate "2004.10.24"]
[EventType "swiss"]
[EventRounds "11"]
[EventCountry "GER"]
[SourceTitle "EXT 2005"]
[Source "ChessBase"]
[SourceDate "2004.11.15"]
[SourceVersion "1"]
[SourceVersionDate "2004.11.15"]
[SourceQuality "1"]

1. e4 e5 2. Nf3 Nc6 3. d4 exd4 4. Nxd4 Nf6 5. Nc3 Bb4 6. Nxc6 bxc6 7. Bd3 d5 8. exd5 cxd5 9. 0-0 0-0 10. Bg5 Be6 11. Nb5 Be7 12. Nd4 Qd6 13. Qf3 Qe5 14. Nf5 Bxf5 15. Qxf5 Qxf5 16. Bxf5 g6 17. Rfe1 Bd8 18. Bd3 Kg7 19. Be3 Nd7 20. Bb5 Nb6 21. Bc6 Rb8 22. Bc5 Rg8 23. b3 Bf6 24. Rad1 Rgd8 25. a4 a5 26. Kf1 d4 27. Re4 Nd5 28. Bxd5 Rxd5 29. Bxd4 Kg8 30. Ke2 Bxd4 31. Rdxd4 Rbd8 32. Kd3 c5 33. Re8+ Rxe8 34. Rxd5 c4+ 35. bxc4 1-0

[Event "Wch Seniors 14th"]
[Site "Halle"]
[Date "2004.10.27"]
[Round "4"]
[White "Hvenekilde, Jorgen"]
[Black "Kuznetsov, Fiodor"]
[Result "1-0"]
[WhiteElo "2213"]
[BlackElo "2087"]
[PlyCount "59"]
[EventDate "2004.10.24"]
[EventType "swiss"]
[EventRounds "11"]
[EventCountry "GER"]
[SourceTitle "EXT 2005"]
[Source "ChessBase"]
[SourceDate "2004.11.15"]
[SourceVersion "1"]
[SourceVersionDate "2004.11.15"]
[SourceQuality "1"]

1. d4 d5 2. Nf3 e6 3. Bf4 Bd6 4. Bg3 Bxg3 5. hxg3 Nf6 6. e3 c5 7. Nbd2 cxd4 8. exd4 Nc6 9. c3 Qc7 10. Bd3 Bd7 11. Qe2 h6 12. Ne5 Rc8 13. g4 Ke7 14. Kf1 Qb6 15. Ndf3 a6 16. g3 Na7 17. a4 Qc7 18. Kg2 Nc6 19. Rhe1 Rhe8 20. g5 hxg5 21. Nxg5 Nxe5 22. dxe5 Ng8 23. Nf3 Kf8 24. Nd4 Ne7 25. Qh5 Ng8 26. Qh8 g6 27. Re3 Re7 28. Rh1 Bxa4 29. Rh7 f5 30. exf6 1-0

[Event "Rowy Seniors op 7th"]
[Site "Rowy"]
[Date "2003.09.08"]
[Round "9"]
[White "Kuznetsov, Fiodor"]
[Black "Ciszewski, Eugeniusz"]
[Result "1/2-1/2"]
[WhiteElo "2135"]
[BlackElo "1966"]
[PlyCount "40"]
[EventDate "2003.08.??"]
[EventType "swiss"]
[EventRounds "9"]
[EventCountry "POL"]
[SourceTitle "EXT 2006"]
[Source "ChessBase"]
[SourceDate "2005.11.24"]
[SourceVersion "1"]
[SourceVersionDate "2005.11.24"]
[SourceQuality "1"]

1. e4 e5 2. Nf3 d6 3. d4 Nf6 4. Nc3 Nbd7 5. h3 Be7 6. Be3 c6 7. Be2 Qc7 8. 0-0 b5 9. a3 a6 10. Nh2 Bb7 11. f4 exd4 12. Qxd4 0-0-0 13. Bf3 c5 14. Qd2 Nb6 15. b3 d5 16. exd5 Nbxd5 17. Nxd5 Bxd5 18. Qe2 Ne4 19. Bxe4 Bxe4 20. Rad1 f5 1/2-1/2

[Event "Rowy Seniors op 7th"]
[Site "Rowy"]
[Date "2003.09.06"]
[Round "7"]
[White "Kuznetsov, Fiodor"]
[Black "Krasinski, Jerzy Roman"]
[Result "1-0"]
[WhiteElo "2135"]
[BlackElo "2200"]
[PlyCount "47"]
[EventDate "2003.08.??"]
[EventType "swiss"]
[EventRounds "9"]
[EventCountry "POL"]
[SourceTitle "EXT 2006"]
[Source "ChessBase"]
[SourceDate "2005.11.24"]
[SourceVersion "1"]
[SourceVersionDate "2005.11.24"]
[SourceQuality "1"]

1. e4 c5 2. Nf3 d6 3. d4 cxd4 4. Qxd4 e6 5. Nc3 Nf6 6. e5 Ng8 7. exd6 Nc6 8. Bb5 Qxd6 9. Be3 Bd7 10. Qxd6 Bxd6 11. 0-0-0 Bb4 12. Rxd7 Bxc3 13. Rxb7 Nge7 14. bxc3 0-0 15. Bc5 Rfb8 16. Rxb8+ Rxb8 17. Bxc6 Nxc6 18. Rd1 h6 19. Rd7 a6 20. Rc7 Na5 21. Ne5 f6 22. Bb4 Rb5 23. Ng6 Nb7 24. Bf8 1-0

[Event "Rowy Seniors op 7th"]
[Site "Rowy"]
[Date "2003.09.05"]
[Round "6"]
[White "Kuznetsov, Fiodor"]
[Black "Komidzierski, Eugeniusz"]
[Result "1/2-1/2"]
[WhiteElo "2135"]
[BlackElo "2003"]
[PlyCount "38"]
[EventDate "2003.08.??"]
[EventType "swiss"]
[EventRounds "9"]
[EventCountry "POL"]
[SourceTitle "EXT 2006"]
[Source "ChessBase"]
[SourceDate "2005.11.24"]
[SourceVersion "1"]
[SourceVersionDate "2005.11.24"]
[SourceQuality "1"]

1. e4 c6 2. d4 d5 3. exd5 cxd5 4. Bd3 g6 5. Bf4 Nf6 6. Nd2 Bg7 7. Ngf3 Nbd7 8. 0-0 0-0 9. h3 Qb6 10. Rb1 a6 11. c4 e6 12. b4 Qd8 13. c5 Re8 14. a4 Nh5 15. Bh2 e5 16. g4 e4 17. gxh5 exd3 18. Qb3 Nf6 19. hxg6 hxg6 1/2-1/2

[Event "Rowy Seniors op 7th"]
[Site "Rowy"]
[Date "2003.09.01"]
[Round "2"]
[White "Galicki, Ryszard"]
[Black "Kuznetsov, Fiodor"]
[Result "1-0"]
[WhiteElo "2004"]
[BlackElo "2135"]
[PlyCount "69"]
[EventDate "2003.08.??"]
[EventType "swiss"]
[EventRounds "9"]
[EventCountry "POL"]
[SourceTitle "EXT 2006"]
[Source "ChessBase"]
[SourceDate "2005.11.24"]
[SourceVersion "1"]
[SourceVersionDate "2005.11.24"]
[SourceQuality "1"]

1. e4 e5 2. Nf3 Nc6 3. Bb5 f5 4. d3 fxe4 5. dxe4 d6 6. Nc3 Nf6 7. 0-0 Be7 8. Ng5 Bg4 9. f3 Bd7 10. Bc4 Na5 11. Bf7+ Kf8 12. Ne6+ Bxe6 13. Bxe6 Nc6 14. Be3 Qe8 15. a3 Nd8 16. Bb3 Qd7 17. f4 exf4 18. Bxf4 Qc6 19. Be3 Nf7 20. Nd5 Qd7 21. Nxf6 Bxf6 22. Bd4 Qe7 23. Bxf6 gxf6 24. Qf3 Kg7 25. Qg4+ Kf8 26. Qf5 Ne5 27. Qg5 Nd7 28. Rxf6+ Qxf6 29. Rf1 Qxf1+ 30. Kxf1 Ke8 31. Bg8 Kf8 32. Be6 Ke8 33. Qh5+ Kd8 34. Ke2 Nf6 35. Qf7 1-0

[Event "Voronezh FIDE op"]
[Site "Voronezh"]
[Date "2003.06.14"]
[Round "3"]
[White "Kuznetsov, Fiodor"]
[Black "Tugaj, Sergey"]
[Result "0-1"]
[WhiteElo "2114"]
[BlackElo "2246"]
[PlyCount "36"]
[EventDate "2003.06.12"]
[EventType "swiss"]
[EventRounds "9"]
[EventCountry "RUS"]
[SourceTitle "CBM 094 Extra"]
[Source "ChessBase"]
[SourceDate "2003.07.09"]
[SourceVersion "2"]
[SourceVersionDate "2003.07.09"]
[SourceQuality "1"]

1. d4 d5 2. c4 e6 3. Nf3 c5 4. e3 Nc6 5. Nc3 Nf6 6. cxd5 exd5 7. Be2 c4 8. 0-0 Bb4 9. Qc2 0-0 10. b3 cxb3 11. Qxb3 Bg4 12. Ba3 a5 13. Bb5 Qd6 14. Bb2 Bxc3 15. Bxc3 Ne4 16. Be2 b5 17. Bxb5 a4 18. Qc2 Bxf3 0-1

[Event "Polanica Zdroj op"]
[Site "Polanica Zdroj"]
[Date "2001.08.23"]
[Round "8"]
[White "Kuznetsov, Fiodor"]
[Black "Langer, Krzysztof"]
[Result "0-1"]
[WhiteElo "2146"]
[BlackElo "2089"]
[PlyCount "32"]
[EventDate "2001.08.16"]
[EventType "swiss"]
[EventRounds "10"]
[EventCountry "POL"]
[SourceTitle "EXT 2002"]
[Source "ChessBase"]
[SourceDate "2001.11.25"]
[SourceVersion "1"]
[SourceVersionDate "2001.11.25"]
[SourceQuality "1"]

1. e4 c5 2. Nf3 d6 3. d4 cxd4 4. Nxd4 Nf6 5. Nc3 g6 6. f4 Nc6 7. Nb3 Bg7 8. Be2 Qb6 9. g4 h5 10. g5 Ng4 11. Bxg4 hxg4 12. Nd5 Rxh2 13. Rxh2 Qg1+ 14. Kd2 Qxh2+ 15. Qe2 g3 16. Ne3 Bh3 0-1

[Event "Polanica Zdroj op"]
[Site "Polanica Zdroj"]
[Date "2001.08.18"]
[Round "3"]
[White "Hermanowicz, Dominika"]
[Black "Kuznetsov, Fiodor"]
[Result "1-0"]
[WhiteElo "2059"]
[BlackElo "2146"]
[PlyCount "40"]
[EventDate "2001.08.16"]
[EventType "swiss"]
[EventRounds "10"]
[EventCountry "POL"]
[SourceTitle "EXT 2002"]
[Source "ChessBase"]
[SourceDate "2001.11.25"]
[SourceVersion "1"]
[SourceVersionDate "2001.11.25"]
[SourceQuality "1"]

1. e4 e5 2. Nf3 Nc6 3. Bb5 f5 4. Nc3 fxe4 5. Nxe4 d5 6. Nxe5 dxe4 7. Nxc6 Qg5 8. Qe2 Nf6 9. f4 Qxf4 10. Ne5+ c6 11. d4 Qh4+ 12. g3 Qh3 13. Bc4 Be6 14. Bg5 Rd8 15. Bxf6 gxf6 16. Bxe6 Qxe6 17. Qh5+ Ke7 18. Ng6+ hxg6 19. Qxh8 Rxd4 20. Qh7+ Qf7 1-0

[Event "Polanica Zdroj op"]
[Site "Polanica Zdroj"]
[Date "2001.08.17"]
[Round "2"]
[White "Kuznetsov, Fiodor"]
[Black "Gorecki, Janusz"]
[Result "1/2-1/2"]
[WhiteElo "2146"]
[BlackElo "2008"]
[PlyCount "40"]
[EventDate "2001.08.16"]
[EventType "swiss"]
[EventRounds "10"]
[EventCountry "POL"]
[SourceTitle "EXT 2002"]
[Source "ChessBase"]
[SourceDate "2001.11.25"]
[SourceVersion "1"]
[SourceVersionDate "2001.11.25"]
[SourceQuality "1"]

1. e4 d6 2. d4 g6 3. Nc3 Bg7 4. Be3 c6 5. Nf3 Nf6 6. h3 0-0 7. Be2 b6 8. 0-0 Ba6 9. e5 Bxe2 10. Qxe2 Ne8 11. Bf4 Nc7 12. exd6 exd6 13. Ne4 d5 14. Nd6 Ne6 15. Be5 Bxe5 16. dxe5 f5 17. Rad1 Qe7 18. c4 Nd7 19. cxd5 cxd5 20. Qd2 Nxe5 1/2-1/2

[Event "Wch Seniors 10th"]
[Site "Rowy"]
[Date "2000.09.11"]
[Round "1"]
[White "Klovans, Janis"]
[Black "Kuznetsov, Fiodor"]
[Result "1-0"]
[WhiteElo "2481"]
[BlackElo "2062"]
[PlyCount "39"]
[EventDate "2000.09.11"]
[EventType "swiss"]
[EventRounds "11"]
[EventCountry "POL"]
[SourceTitle "CBM 078 Extra"]
[Source "ChessBase"]
[SourceDate "2000.11.10"]
[SourceVersion "1"]
[SourceVersionDate "2000.11.10"]
[SourceQuality "1"]

1. e4 e5 2. Nf3 Nc6 3. Bb5 f5 4. Nc3 fxe4 5. Nxe4 d5 6. Nxe5 dxe4 7. Nxc6 Qg5 8. Qe2 Nf6 9. f4 Qxf4 10. d4 Qd6 11. Ne5+ c6 12. Bc4 Qxd4 13. Bf7+ Ke7 14. Bf4 Bf5 15. Rd1 Qc5 16. Rf1 g6 17. g4 Nxg4 18. Qxg4 Bg7 19. Bg5+ Kf8 20. Nd7+ 1-0